| 000 | 00411nam a2200181Ia 4500 | ||
|---|---|---|---|
| 001 | 14340 | ||
| 005 | 20260306164907.0 | ||
| 008 | 260306t2001||||xx |||||||||||||| ||spa|| | ||
| 041 | _aESP | ||
| 082 |
_a512.1 _bK74 |
||
| 100 |
_aKong, Maynard _eAUT |
||
| 245 | 0 | _aCálculo diferencial | |
| 260 | _c2001 | ||
| 300 |
_a546 páginas : _c21 cm. |
||
| 650 | _aGEN | ||
| 654 | _aCMA | ||
| 942 |
_cLIB _dJUS _fJUS _2ddc _n |
||
| 999 |
_c14340 _d14340 |
||